[Event "Ste Foy Petrosian"]
[Site "Ste Foy"]
[Date "2016.04.16"]
[Round "2"]
[White "Laflamme, Simon"]
[Black "Caron, Sebastien"]
[Result "0-1"]
[WhiteElo "1835"]
[BlackElo "2019"]
[PlyCount "72"]
[EventDate "2016.04.09"]
[EventType "swiss"]
[EventRounds "5"]
[EventCountry "CAN"]
[SourceTitle "EXT 2022"]
[Source "ChessBase"]
[SourceDate "2021.10.06"]
[SourceVersion "1"]
[SourceVersionDate "2021.10.06"]
[SourceQuality "1"]

1. d4 Nf6 2. c4 e6 3. Nc3 c5 4. d5 exd5 5. cxd5 d6 6. e4 g6 7. f4 Bg4 8. Nf3 Bg7 9. Bb5+ Bd7 10. Bxd7+ Nfxd7 11. 0-0 0-0 12. Bd2 Na6 13. Kh1 Nc7 14. a4 a6 15. a5 Nb5 16. Qa4 Nd4 17. Be1 Re8 18. Bh4 Qc7 19. Rac1 Nb5 20. Nd2 Nxc3 21. bxc3 b5 22. axb6 Nxb6 23. Qa5 Nxd5 24. Qxc7 Nxc7 25. Nc4 Nb5 26. Nb6 Rab8 27. Nd5 Rxe4 28. Be7 c4 29. Bf6 Re6 30. f5 Re2 31. Bxg7 Kxg7 32. f6+ Kf8 33. Ra1 Re5 34. Rfd1 h6 35. Rxa6 Rxd5 36. Rxd5 Nc7 0-1

[Event "Ste Foy Morphy"]
[Site "Ste Foy"]
[Date "2016.04.02"]
[Round "5"]
[White "Caron, Sebastien"]
[Black "Chouinard, Etienne"]
[Result "1/2-1/2"]
[WhiteElo "2034"]
[BlackElo "1898"]
[PlyCount "138"]
[EventDate "2016.02.27"]
[EventType "swiss"]
[EventRounds "5"]
[EventCountry "CAN"]
[SourceTitle "EXT 2022"]
[Source "ChessBase"]
[SourceDate "2021.10.06"]
[SourceVersion "1"]
[SourceVersionDate "2021.10.06"]
[SourceQuality "1"]

1. d4 d5 2. Bf4 Nf6 3. e3 e6 4. Nf3 Nbd7 5. h3 a6 6. Nbd2 c5 7. c3 c4 8. Be2 b5 9. 0-0 Be7 10. Qc2 Bb7 11. b3 Bc6 12. bxc4 bxc4 13. a4 0-0 14. Rfb1 Qa5 15. Rb2 Rfc8 16. Bd1 Ra7 17. Rab1 Ba3 18. Ra2 Bf8 19. g4 g6 20. Bh2 Ne8 21. g5 Bd6 22. Bxd6 Nxd6 23. Rab2 Ne4 24. Rb4 Raa8 25. h4 Nd6 26. Nh2 Nf5 27. Ndf3 Qd8 28. Ng4 a5 29. R4b2 Rab8 30. Rxb8 Rxb8 31. Rxb8 Qxb8 32. Qa2 Kg7 33. Bc2 Qd8 34. Bxf5 exf5 35. Nge5 Nxe5 36. Nxe5 Qe8 37. Qb2 Bxa4 38. Qb6 Qe6 39. Qxa5 Be8 40. f4 f6 41. Qc7+ Bf7 42. gxf6+ Qxf6 43. Kg2 h6 44. Nf3 Qe6 45. Kf2 Kf6 46. Qd8+ Kg7 47. Qc7 Kf6 48. Ne5 Be8 49. Qh7 h5 50. Qc7 Qe7 51. Qb6+ Qe6 52. Qd8+ Kg7 53. Nf3 Qd7 54. Qb8 Kg8 55. Ng5 Qc6 56. Qe5 Bf7 57. Qe7 Qe8 58. Qf6 Qf8 59. Ke2 Qe8 60. Kd2 Qd7 61. Qe5 Qa7 62. Ke2 Qa2+ 63. Kf3 Qd2 64. Qb8+ Kg7 65. Qe5+ Kg8 66. Nxf7 Qd1+ 67. Kg2 Qe2+ 68. Kg3 Qe1+ 69. Kg2 Qe2+ 1/2-1/2

[Event "Ste Foy Morphy"]
[Site "Ste Foy"]
[Date "2016.03.05"]
[Round "2"]
[White "Sauve, Richard"]
[Black "Caron, Sebastien"]
[Result "0-1"]
[WhiteElo "1875"]
[BlackElo "2034"]
[PlyCount "102"]
[EventDate "2016.02.27"]
[EventType "swiss"]
[EventRounds "5"]
[EventCountry "CAN"]
[SourceTitle "EXT 2022"]
[Source "ChessBase"]
[SourceDate "2021.10.06"]
[SourceVersion "1"]
[SourceVersionDate "2021.10.06"]
[SourceQuality "1"]

1. d4 Nf6 2. c4 g6 3. Nc3 Bg7 4. e4 0-0 5. f3 d6 6. Be3 Nc6 7. Nge2 e5 8. d5 Ne7 9. Qd2 Ne8 10. g4 f5 11. gxf5 gxf5 12. 0-0-0 f4 13. Bf2 Bf6 14. h4 h6 15. Bh3 Bxh3 16. Rxh3 Qd7 17. Rh2 Kh7 18. Rg1 Rg8 19. Rxg8 Nxg8 20. Ng1 a6 21. Kb1 c5 22. dxc6 bxc6 23. c5 Rd8 24. cxd6 Nxd6 25. Bc5 Nc4 26. Qxd7+ Rxd7 27. Kc2 Be7 28. Bxe7 Ne3+ 29. Kc1 Nxe7 30. Nh3 Ng6 31. Nf2 Nf8 32. Ng4 Nxg4 33. fxg4 Rg7 34. g5 Ne6 35. gxh6 Kxh6 36. Rd2 Nd4 37. Ne2 Nxe2+ 38. Rxe2 Kh5 39. b4 Kxh4 40. Kd2 f3 41. Rh2+ Kg3 42. Rh6 Kf4 43. Rxc6 Rg2+ 44. Kd3 Rxa2 45. Rf6+ Kg3 46. Kc4 Rd2 47. Rxa6 f2 48. Rf6 Rd4+ 49. Kc5 Rxe4 50. b5 Rf4 51. Rg6+ Kf3 0-1

[Event "Ste Foy Euwe"]
[Site "Ste Foy"]
[Date "2016.02.06"]
[Round "4"]
[White "Caron, Sebastien"]
[Black "Abran, David"]
[Result "1/2-1/2"]
[WhiteElo "2033"]
[BlackElo "1809"]
[PlyCount "78"]
[EventDate "2016.01.16"]
[EventType "swiss"]
[EventRounds "5"]
[EventCountry "CAN"]
[SourceTitle "EXT 2022"]
[Source "ChessBase"]
[SourceDate "2021.10.06"]
[SourceVersion "1"]
[SourceVersionDate "2021.10.06"]
[SourceQuality "1"]

1. e4 c5 2. Nf3 d6 3. d4 cxd4 4. Nxd4 Nf6 5. Nc3 a6 6. Be2 e5 7. Nb3 Be6 8. f4 Qc7 9. g4 Bc4 10. g5 Nfd7 11. Nd5 Bxd5 12. exd5 exf4 13. Bxf4 Ne5 14. Qd2 Nbd7 15. 0-0-0 g6 16. Kb1 Bg7 17. Rc1 0-0 18. h4 Rfc8 19. h5 a5 20. hxg6 hxg6 21. Bxe5 Nxe5 22. Rh4 a4 23. Nd4 Nc4 24. Bxc4 Qxc4 25. Nf5 gxf5 26. Rxc4 Rxc4 27. Qd3 Re4 28. a3 Rae8 29. Rg1 f4 30. g6 Re1+ 31. Rxe1 Rxe1+ 32. Ka2 fxg6 33. Qxg6 f3 34. Qf5 Re2 35. Qc8+ Kf7 36. Qg4 Bf6 37. c3 Ke7 38. Qxf3 Rh2 39. Kb1 Be5 1/2-1/2

[Event "Ste-Foy - Morphy"]
[Site "Ste Foy"]
[Date "2015.03.07"]
[Round "2"]
[White "Sauve, Richard"]
[Black "Caron, Sebastien"]
[Result "1/2-1/2"]
[WhiteElo "1882"]
[BlackElo "2067"]
[PlyCount "58"]
[EventDate "2015.02.28"]
[EventType "swiss"]
[EventRounds "5"]
[EventCountry "CAN"]
[SourceTitle "EXT 2019"]
[Source "ChessBase"]
[SourceDate "2018.10.10"]
[SourceVersion "1"]
[SourceVersionDate "2018.10.10"]
[SourceQuality "1"]

1. d4 Nf6 2. c4 c5 3. d5 e6 4. Nc3 exd5 5. cxd5 d6 6. e4 g6 7. Nf3 Bg4 8. Be2 a6 9. a4 Nbd7 10. 0-0 Bg7 11. Bf4 Bxf3 12. Bxf3 Qe7 13. e5 Nxe5 14. Bxe5 dxe5 15. d6 Qd7 16. Re1 0-0 17. Rxe5 Rfd8 18. Rxc5 Rab8 19. Rc7 Qxd6 20. Qxd6 Rxd6 21. a5 b6 22. axb6 Rdxb6 23. h3 Rxb2 24. Rxa6 Ne8 25. Rcc6 Be5 26. Ra1 Kg7 27. Rc1 Nf6 28. Nd1 Rb1 29. Kf1 Rxc1 1/2-1/2

[Event "Ste-Foy - Euwe"]
[Site "Ste Foy"]
[Date "2015.02.14"]
[Round "5"]
[White "Caron, Sebastien"]
[Black "Dube, Daniel"]
[Result "1-0"]
[WhiteElo "2060"]
[BlackElo "1921"]
[PlyCount "125"]
[EventDate "2015.01.17"]
[EventType "swiss"]
[EventRounds "5"]
[EventCountry "CAN"]
[SourceTitle "EXT 2019"]
[Source "ChessBase"]
[SourceDate "2018.10.10"]
[SourceVersion "1"]
[SourceVersionDate "2018.10.10"]
[SourceQuality "1"]

1. e4 e6 2. d4 d5 3. e5 c5 4. c3 Qb6 5. Nf3 Bd7 6. Be2 Bb5 7. Qb3 Bxe2 8. Qxb6 axb6 9. Kxe2 Nc6 10. Na3 h6 11. Nc2 Nge7 12. Bd2 cxd4 13. cxd4 Kd7 14. Rhc1 g5 15. Ne3 Ng6 16. g3 Be7 17. h3 Ra4 18. Nc2 Rha8 19. a3 f6 20. exf6 Bxf6 21. Bc3 Re8 22. Rd1 Nge7 23. Rd3 Nf5 24. Re1 Nd6 25. Nd2 Ne4 26. Nxe4 dxe4 27. Rdd1 Kc7 28. Kf1 Rd8 29. Rxe4 e5 30. b3 Raa8 31. Ke2 Nxd4+ 32. Bxd4 exd4 33. Nxd4 Rxd4 34. Rdxd4 Bxd4 35. Rxd4 Rxa3 36. Rd3 Kc6 37. f4 gxf4 38. gxf4 Ra5 39. Kf3 Rd5 40. Ke4 Rxd3 41. Kxd3 Kd5 42. Ke3 Kd6 43. Ke4 Ke6 44. f5+ Kf6 45. Kf4 Kf7 46. Ke5 Ke7 47. f6+ Ke8 48. Ke6 Kf8 49. f7 h5 50. b4 b5 51. Kf6 h4 52. Kg5 Kxf7 53. Kxh4 Kf6 54. Kg4 Kg6 55. Kf4 Kh5 56. Ke4 Kh4 57. Kd5 Kxh3 58. Kc5 Kg4 59. Kxb5 Kf5 60. Kb6 Ke6 61. Kxb7 Kd7 62. b5 Kd8 63. b6 1-0

[Event "Ste-Foy - Euwe"]
[Site "Ste Foy"]
[Date "2015.01.31"]
[Round "3"]
[White "Caron, Sebastien"]
[Black "Chouinard, Etienne"]
[Result "1/2-1/2"]
[WhiteElo "2060"]
[BlackElo "1789"]
[PlyCount "108"]
[EventDate "2015.01.17"]
[EventType "swiss"]
[EventRounds "5"]
[EventCountry "CAN"]
[SourceTitle "EXT 2019"]
[Source "ChessBase"]
[SourceDate "2018.10.10"]
[SourceVersion "1"]
[SourceVersionDate "2018.10.10"]
[SourceQuality "1"]

1. e4 e5 2. Nf3 Nc6 3. Bb5 Nf6 4. 0-0 Bc5 5. d3 d6 6. c3 0-0 7. h3 Bb6 8. Na3 Ne7 9. Kh2 Ng6 10. Ng1 c6 11. Ba4 Be6 12. Nc2 h6 13. Qe2 Qc7 14. g3 Rad8 15. Ne3 d5 16. Bc2 dxe4 17. dxe4 Rd7 18. Qf3 Bxe3 19. Bxe3 Kh7 20. a3 Rfd8 21. Rfd1 a6 22. Qe2 Kg8 23. a4 Rxd1 24. Rxd1 Rxd1 25. Qxd1 a5 26. Ne2 b6 27. f4 Bc4 28. f5 Ne7 29. g4 c5 30. Ng3 Nh7 31. Qd2 f6 32. h4 Bf7 33. Bd1 Nc8 34. g5 hxg5 35. hxg5 fxg5 36. Bxg5 Qd6 37. Qxd6 Nxd6 38. Bd8 Nc4 39. b3 Ne3 40. Be2 Bxb3 41. Bxb6 Bxa4 42. Bxc5 Nd1 43. Bc4+ Kh8 44. Bb6 Nxc3 45. Bxa5 Nb5 46. Bd8 Nd6 47. Bd5 Ne8 48. Kh3 Nhf6 49. Be7 Kh7 50. Kh4 g6 51. Kg5 gxf5 52. Nxf5 Nxd5 53. exd5 Bb3 54. d6 Nxd6 1/2-1/2

[Event "Ste Foy Tal"]
[Site "Ste Foy"]
[Date "2014.11.15"]
[Round "1"]
[White "Calafateanu, Vlad"]
[Black "Caron, Sebastien"]
[Result "0-1"]
[WhiteElo "1671"]
[BlackElo "2000"]
[PlyCount "76"]
[EventDate "2014.11.15"]
[EventType "swiss"]
[EventRounds "5"]
[EventCountry "CAN"]
[SourceTitle "EXT 2022"]
[Source "ChessBase"]
[SourceDate "2021.10.06"]
[SourceVersion "1"]
[SourceVersionDate "2021.10.06"]
[SourceQuality "1"]

1. e4 c5 2. Nf3 Nc6 3. d4 cxd4 4. Nxd4 e5 5. Nb5 d6 6. c4 a6 7. N5a3 Nf6 8. Nc3 Be6 9. Be2 Be7 10. 0-0 0-0 11. Nc2 Rc8 12. f3 Nd7 13. Be3 Na5 14. b3 b5 15. Nd5 bxc4 16. b4 Bxd5 17. Qxd5 Nc6 18. b5 Nf6 19. Qxc6 Rxc6 20. bxc6 Qc7 21. Nb4 Qa5 22. a3 d5 23. Nxd5 Nxd5 24. exd5 Qxd5 25. Rfc1 Bc5 26. Bxc5 Qxc5+ 27. Kh1 c3 28. Bxa6 Qxc6 29. Bf1 Ra8 30. Bd3 Qc5 31. a4 g6 32. Bc2 Kg7 33. Re1 f5 34. Re2 Rb8 35. Rae1 Kf6 36. Re3 Rb2 37. R3e2 Qd4 38. Rd1 Rxc2 0-1

[Event "Ste Foy Fischer"]
[Site "Ste Foy"]
[Date "2014.11.08"]
[Round "5"]
[White "Caron, Sebastien"]
[Black "Oliver, Vance"]
[Result "1-0"]
[WhiteElo "2007"]
[BlackElo "1694"]
[PlyCount "45"]
[EventDate "2014.10.11"]
[EventType "swiss"]
[EventRounds "5"]
[EventCountry "CAN"]
[SourceTitle "EXT 2022"]
[Source "ChessBase"]
[SourceDate "2021.10.06"]
[SourceVersion "1"]
[SourceVersionDate "2021.10.06"]
[SourceQuality "1"]

1. d4 Nf6 2. c4 g6 3. Nc3 Bg7 4. e4 d6 5. Nf3 0-0 6. Be2 c5 7. d5 Nbd7 8. 0-0 a6 9. h3 Re8 10. Be3 Nf8 11. Qd3 Rb8 12. Rab1 b5 13. b4 bxc4 14. Qxc4 cxb4 15. Rxb4 Rxb4 16. Qxb4 N6d7 17. Na4 Ne5 18. Nd2 f5 19. f4 Ng4 20. Bb6 Qd7 21. hxg4 fxg4 22. Rc1 e5 23. Rc7 1-0

[Event "Ste Foy Samedi 01"]
[Site "Ste Foy"]
[Date "2014.01.11"]
[Round "2"]
[White "Caron, Sebastien"]
[Black "Laflamme, Simon"]
[Result "1/2-1/2"]
[WhiteElo "1950"]
[BlackElo "1910"]
[PlyCount "58"]
[EventDate "2014.01.11"]
[EventType "swiss"]
[EventRounds "5"]
[EventCountry "CAN"]
[SourceTitle "EXT 2022"]
[Source "ChessBase"]
[SourceDate "2021.10.06"]
[SourceVersion "1"]
[SourceVersionDate "2021.10.06"]
[SourceQuality "1"]

1. b3 e5 2. Bb2 Nc6 3. e3 Nf6 4. d3 d5 5. Nf3 Bd6 6. Nbd2 0-0 7. Be2 Re8 8. e4 Qe7 9. 0-0 Be6 10. Ng5 Ba3 11. Bxa3 Qxa3 12. Nxe6 Rxe6 13. exd5 Nxd5 14. Bf3 Nc3 15. Nc4 Qe7 16. Qd2 Nb5 17. Bxc6 Rxc6 18. a4 Nd4 19. Rfe1 Re6 20. Qd1 Re8 21. c3 Nc6 22. Qd2 Qf6 23. Re2 Ne7 24. Ne3 c6 25. Rae1 Qg5 26. Nd5 Qxd2 27. Nxe7+ R8xe7 28. Rxd2 c5 29. f3 Rd7 1/2-1/2

[Event "Quebec Montcalm op 6 2010-11"]
[Site "Quebec"]
[Date "2011.03.24"]
[Round "1"]
[White "Caron, Sebastien"]
[Black "Bergeron, Marc"]
[Result "1-0"]
[WhiteElo "1921"]
[BlackElo "1963"]
[PlyCount "121"]
[EventDate "2011.03.24"]
[EventType "swiss"]
[EventRounds "5"]
[EventCountry "CAN"]
[SourceTitle "EXT 2022"]
[Source "ChessBase"]
[SourceDate "2021.10.06"]
[SourceVersion "1"]
[SourceVersionDate "2021.10.06"]
[SourceQuality "1"]

1. e4 Nc6 2. d4 d5 3. e5 Bf5 4. c3 e6 5. Bd3 Bxd3 6. Qxd3 h5 7. h4 Qd7 8. Nd2 Nh6 9. Nb3 0-0-0 10. Bg5 Re8 11. Ne2 Ng8 12. Nf4 Kb8 13. 0-0-0 b6 14. Rhe1 Kb7 15. Qc2 a5 16. a4 Ra8 17. Nd3 Nh6 18. g3 Nf5 19. Nf4 Kc8 20. Kd2 Nb4 21. cxb4 Bxb4+ 22. Ke2 Bxe1 23. Kxe1 Kb7 24. Nd3 Qc6 25. Qc3 Qxc3+ 26. bxc3 Raf8 27. Bc1 Ra8 28. Nf4 g6 29. Nh3 Rhc8 30. Ng5 Nh6 31. Nxe6 fxe6 32. Bxh6 Re8 33. Rd3 b5 34. Nc5+ Kc6 35. Rd2 bxa4 36. Ra2 Kb5 37. Rxa4 c6 38. Ke2 Ra7 39. Kd3 Rf7 40. Be3 Ra7 41. Bd2 Ree7 42. c4+ dxc4+ 43. Rxc4 Rf7 44. f4 Rfe7 45. Nb3 Kb6 46. Nxa5 Rec7 47. Nb3 Ra3 48. Rb4+ Ka7 49. Kc4 Ra2 50. Be3 Ka8 51. Nc5 Rca7 52. Nxe6 R7a3 53. Rb3 Rxb3 54. Kxb3 Rg2 55. Kc4 Rxg3 56. Bd2 Kb7 57. Bb4 Kc8 58. Bd6 Rg4 59. Nf8 Kd8 60. e6 Ke8 61. Nh7 1-0

[Event "Quebec Montcalm op 5 2010-11"]
[Site "Quebec"]
[Date "2011.03.17"]
[Round "5"]
[White "Caron, Sebastien"]
[Black "Chiffot, Nicolas"]
[Result "0-1"]
[WhiteElo "1917"]
[BlackElo "1994"]
[PlyCount "114"]
[EventDate "2011.02.16"]
[EventType "swiss"]
[EventRounds "5"]
[EventCountry "CAN"]
[SourceTitle "EXT 2022"]
[Source "ChessBase"]
[SourceDate "2021.10.06"]
[SourceVersion "1"]
[SourceVersionDate "2021.10.06"]
[SourceQuality "1"]

1. d4 d5 2. c4 e6 3. Nc3 Be7 4. e3 Nf6 5. Nf3 0-0 6. Qc2 c5 7. a3 cxd4 8. Nxd4 e5 9. Nf5 d4 10. Ne4 Bxf5 11. Nxf6+ Bxf6 12. Qxf5 e4 13. exd4 Bxd4 14. Be2 Re8 15. 0-0 Nc6 16. Bf4 g6 17. Qd5 Qe7 18. Rab1 Rad8 19. Bg5 Bf6 20. Bxf6 Qxf6 21. Qc5 Rd2 22. Bd1 Rxb2 23. Ba4 Re6 24. Rbd1 b6 25. Qd5 Kg7 26. h3 Ra2 27. Bxc6 Rxc6 28. Qxe4 Re6 29. Qd4 Ree2 30. Qxf6+ Kxf6 31. Rd3 Re5 32. Rf3+ Rf5 33. Rxf5+ Kxf5 34. c5 bxc5 35. Rc1 Rxa3 36. Rxc5+ Ke6 37. Rc7 a5 38. g3 a4 39. Kg2 h5 40. h4 Rb3 41. Ra7 a3 42. Ra5 Kd6 43. f3 Kc6 44. g4 Kb6 45. Ra8 Kc5 46. gxh5 gxh5 47. Kg3 Kb4 48. Kf4 Kc3 49. Ra7 Kb2 50. Rxf7 a2 51. Ra7 Ra3 52. Rxa3 Kxa3 53. Kg5 a1Q 54. Kxh5 Qg7 55. f4 Kb4 56. f5 Kc5 57. f6 Qxf6 0-1

[Event "Quebec Montcalm op 4 2010-11"]
[Site "Quebec"]
[Date "2011.02.09"]
[Round "5"]
[White "Caron, Sebastien"]
[Black "Caire, Francois"]
[Result "0-1"]
[WhiteElo "1928"]
[BlackElo "2261"]
[PlyCount "76"]
[EventDate "2011.01.13"]
[EventType "swiss"]
[EventRounds "5"]
[EventCountry "CAN"]
[SourceTitle "EXT 2022"]
[Source "ChessBase"]
[SourceDate "2021.10.06"]
[SourceVersion "1"]
[SourceVersionDate "2021.10.06"]
[SourceQuality "1"]

1. e4 c5 2. Nc3 Nc6 3. f4 g6 4. Nf3 Bg7 5. g3 d6 6. Bg2 e5 7. d3 Nge7 8. 0-0 0-0 9. Be3 Nd4 10. Qd2 Bg4 11. Bxd4 cxd4 12. Ne2 Qd7 13. c3 dxc3 14. bxc3 Rac8 15. Rab1 f5 16. h3 Bh5 17. Qe3 Nc6 18. exf5 gxf5 19. Ng5 Rce8 20. Bd5+ Kh8 21. Qd2 h6 22. Nf3 e4 23. Nfd4 e3 24. Bxc6 bxc6 25. Qc1 Bxd4 26. Nxd4 e2 27. Re1 c5 28. Nb3 Rg8 29. Kh2 Qg7 30. g4 fxg4 31. c4 gxh3 32. Qb2 Qxb2 33. Rxb2 Re3 34. d4 Rg2+ 35. Kh1 Reg3 36. Rbb1 Rf2 37. Nd2 Rgg2 38. Rb8+ Kg7 0-1

[Event "Quebec Montcalm op 3 2010-11"]
[Site "Quebec"]
[Date "2010.12.16"]
[Round "5"]
[White "Cummins, Paul"]
[Black "Caron, Sebastien"]
[Result "1/2-1/2"]
[WhiteElo "1811"]
[BlackElo "1982"]
[PlyCount "88"]
[EventDate "2010.11.18"]
[EventType "swiss"]
[EventRounds "5"]
[EventCountry "CAN"]
[SourceTitle "EXT 2022"]
[Source "ChessBase"]
[SourceDate "2021.10.06"]
[SourceVersion "1"]
[SourceVersionDate "2021.10.06"]
[SourceQuality "1"]

1. d4 f5 2. Nf3 Nf6 3. c4 g6 4. Nc3 Bg7 5. h3 d6 6. Bf4 0-0 7. e3 Qe8 8. d5 Na6 9. Be2 h6 10. 0-0 g5 11. Bh2 Bd7 12. Nd4 c5 13. Ndb5 Qg6 14. Rc1 Kh8 15. Kh1 h5 16. Qe1 Bh6 17. Bd3 Nb4 18. Bb1 Qg7 19. Nc7 Rac8 20. Ne6 Bxe6 21. dxe6 Ne8 22. a3 Nc6 23. Qe2 h4 24. Rcd1 Qf6 25. f4 Ng7 26. fxg5 Qxg5 27. Bf4 Nh5 28. Kg1 Nxf4 29. exf4 Qg6 30. Qf2 Qh5 31. Nb5 Bg7 32. Kh1 Bd4 33. Qd2 Rg8 34. Rde1 Rg3 35. Bc2 Rcg8 36. Bd1 Qh6 37. Bf3 R8g7 38. Re2 R3g6 39. Nc7 Nd8 40. Bd5 Rg3 41. Nb5 Qf6 42. Nc7 Rg8 43. Nb5 R8g7 44. Nxd4 Qxd4 1/2-1/2

[Event "Quebec Montcalm op 3 2010-11"]
[Site "Quebec"]
[Date "2010.12.02"]
[Round "3"]
[White "Bluteau, Yvon"]
[Black "Caron, Sebastien"]
[Result "1-0"]
[WhiteElo "1910"]
[BlackElo "1982"]
[PlyCount "61"]
[EventDate "2010.11.18"]
[EventType "swiss"]
[EventRounds "5"]
[EventCountry "CAN"]
[SourceTitle "EXT 2022"]
[Source "ChessBase"]
[SourceDate "2021.10.06"]
[SourceVersion "1"]
[SourceVersionDate "2021.10.06"]
[SourceQuality "1"]

1. d4 Nf6 2. Nf3 e6 3. c4 Bb4+ 4. Nc3 d5 5. a3 Bxc3+ 6. bxc3 0-0 7. e3 b6 8. Ne5 Ne4 9. Qc2 f6 10. cxd5 Nxf2 11. Ng6 hxg6 12. Kxf2 exd5 13. Qxg6 f5 14. Bd3 Qf6 15. Qg3 c5 16. h4 Nc6 17. Qf4 Nd8 18. Bd2 Ne6 19. Qf3 Bb7 20. g3 Rae8 21. Rag1 g6 22. Kg2 Re7 23. Rf1 Qg7 24. h5 Ng5 25. Qf4 Ne4 26. Bxe4 fxe4 27. Qg4 Rxf1 28. Rxf1 Kh7 29. hxg6+ Qxg6 30. Qh4+ Kg8 31. Qxe7 1-0

[Event "Quebec Montcalm op 6 2009-10"]
[Site "Quebec"]
[Date "2010.04.22"]
[Round "5"]
[White "Caron, Sebastien"]
[Black "Bergeron, Marc"]
[Result "1/2-1/2"]
[WhiteElo "1930"]
[BlackElo "2058"]
[PlyCount "61"]
[EventDate "2010.03.25"]
[EventType "swiss"]
[EventRounds "5"]
[EventCountry "CAN"]
[SourceTitle "EXT 2022"]
[Source "ChessBase"]
[SourceDate "2021.10.06"]
[SourceVersion "1"]
[SourceVersionDate "2021.10.06"]
[SourceQuality "1"]

1. e4 Nc6 2. d4 d5 3. e5 Bf5 4. h4 h5 5. Ne2 e6 6. Ng3 Bg6 7. Be2 Be7 8. Bxh5 Bxh5 9. Nxh5 g6 10. Nf4 Rxh4 11. Rxh4 Bxh4 12. g3 Be7 13. c3 Qd7 14. Be3 0-0-0 15. Nd2 Bf8 16. Qe2 Bg7 17. Nb3 Nb8 18. Nc5 Qc6 19. 0-0-0 b6 20. Na6 Qa4 21. Nxb8 Kxb8 22. Kb1 Ne7 23. Rh1 Rh8 24. Rxh8+ Bxh8 25. b3 Qe8 26. Qg4 Nf5 27. Bd2 Bg7 28. Qh3 c5 29. g4 Ne7 30. Be3 cxd4 31. cxd4 1/2-1/2

[Event "Quebec Montcalm op 6 2009-10"]
[Site "Quebec"]
[Date "2010.04.15"]
[Round "4"]
[White "Marquis, Paul"]
[Black "Caron, Sebastien"]
[Result "0-1"]
[WhiteElo "1934"]
[BlackElo "1930"]
[PlyCount "78"]
[EventDate "2010.03.25"]
[EventType "swiss"]
[EventRounds "5"]
[EventCountry "CAN"]
[SourceTitle "EXT 2022"]
[Source "ChessBase"]
[SourceDate "2021.10.06"]
[SourceVersion "1"]
[SourceVersionDate "2021.10.06"]
[SourceQuality "1"]

1. e4 d5 2. exd5 Nf6 3. d4 Nxd5 4. c4 Nf6 5. Nf3 e6 6. Be2 c5 7. 0-0 cxd4 8. Nxd4 Bd7 9. Nc3 a6 10. Be3 Qc7 11. Rc1 Bd6 12. h3 0-0 13. Qd2 Rd8 14. Qc2 Nc6 15. Nf3 Ne5 16. Nxe5 Bxe5 17. b4 Rac8 18. Na4 Nd5 19. Bd2 Bxa4 20. Qxa4 Nb6 21. Qc2 Nxc4 22. Bg5 Rd4 23. Qb3 b5 24. Be3 Rdd8 25. Rfd1 Rxd1+ 26. Bxd1 Bf4 27. Bxf4 Qxf4 28. Qc3 h6 29. Rc2 Nd6 30. Qd3 Rxc2 31. Bxc2 Qxb4 32. Qh7+ Kf8 33. Qh8+ Ke7 34. Qxg7 Qe1+ 35. Kh2 Qxf2 36. Bb3 Qf4+ 37. Kg1 Nf5 38. Qg8 Ng3 39. Qa8 Ne2+ 0-1

[Event "Quebec Montcalm op 4th"]
[Site "Quebec"]
[Date "2010.01.14"]
[Round "1"]
[White "Caron, Sebastien"]
[Black "Marquis, Paul"]
[Result "0-1"]
[WhiteElo "1943"]
[BlackElo "1889"]
[PlyCount "72"]
[EventDate "2010.01.14"]
[EventType "tourn"]
[EventRounds "5"]
[EventCountry "CAN"]
[SourceTitle "EXT 2011"]
[Source "ChessBase"]
[SourceDate "2010.11.26"]
[SourceVersion "1"]
[SourceVersionDate "2010.11.26"]
[SourceQuality "1"]

1. e4 d6 2. d4 Nf6 3. Nc3 g6 4. Nf3 Bg7 5. Be2 0-0 6. 0-0 c6 7. h3 b5 8. e5 Ne8 9. Ne4 Nd7 10. d5 cxd5 11. Qxd5 Nc7 12. Qb3 Nxe5 13. Nd4 Bd7 14. Be3 a5 15. Nxb5 a4 16. Qb4 Nxb5 17. Bxb5 Rb8 18. Nc3 Bxb5 19. Nxb5 Qd7 20. c4 Nxc4 21. Qxc4 Qxb5 22. Qc7 Rb7 23. Qc2 Bxb2 24. Rab1 a3 25. Bh6 Rfb8 26. Rfc1 Qd7 27. Re1 Rc7 28. Qe4 Rbc8 29. Qh4 Bf6 30. Qb4 Bb2 31. Re4 d5 32. Re2 Qf5 33. Rf1 Qh5 34. Bf4 e5 35. g4 Qxh3 36. Bg3 Bd4 0-1

[Event "Charlesbourg Olympiad"]
[Site "Charlesbourg"]
[Date "2009.10.26"]
[Round "3"]
[White "Caron, Sebastien"]
[Black "Lapierre, Gaetan"]
[Result "1-0"]
[WhiteElo "1990"]
[BlackElo "1950"]
[PlyCount "65"]
[EventDate "2009.10.12"]
[EventType "team"]
[EventRounds "6"]
[EventCountry "CAN"]
[SourceTitle "EXT 2011"]
[Source "ChessBase"]
[SourceDate "2010.11.26"]
[SourceVersion "1"]
[SourceVersionDate "2010.11.26"]
[SourceQuality "1"]

1. e4 d6 2. d4 Nf6 3. Nc3 g6 4. Be2 e5 5. dxe5 dxe5 6. Qxd8+ Kxd8 7. Bg5 Be7 8. Rd1+ Ke8 9. Nf3 Nbd7 10. Nb5 Bb4+ 11. c3 Ba5 12. Nxe5 Nxe4 13. Bf4 g5 14. Nxd7 gxf4 15. Ne5 c6 16. Nd4 Bc7 17. Nd3 Rg8 18. g3 fxg3 19. hxg3 Bb6 20. Bf3 Ng5 21. Bg2 c5 22. Nb5 Ke7 23. Nf4 Bg4 24. Nd5+ Kf8 25. Rd2 Nf3+ 26. Bxf3 Bxf3 27. Rxh7 Re8+ 28. Ne3 Be4 29. Rh4 Bg6 30. Nd6 Re7 31. Nc8 Bc7 32. Nxe7 Kxe7 33. Nd5+ 1-0

[Event "Charlesbourg Olympiad"]
[Site "Charlesbourg"]
[Date "2009.10.19"]
[Round "2"]
[White "Beaudoin, Stephane"]
[Black "Caron, Sebastien"]
[Result "1/2-1/2"]
[WhiteElo "2112"]
[BlackElo "1990"]
[PlyCount "58"]
[EventDate "2009.10.12"]
[EventType "team"]
[EventRounds "6"]
[EventCountry "CAN"]
[SourceTitle "EXT 2011"]
[Source "ChessBase"]
[SourceDate "2010.11.26"]
[SourceVersion "1"]
[SourceVersionDate "2010.11.26"]
[SourceQuality "1"]

1. e4 c5 2. Nf3 Nc6 3. d4 cxd4 4. Nxd4 Nf6 5. Nc3 e6 6. Nxc6 bxc6 7. Bd3 Qc7 8. 0-0 Be7 9. Qe2 e5 10. Kh1 d6 11. f4 0-0 12. fxe5 dxe5 13. Bg5 Be6 14. Bc4 Bxc4 15. Qxc4 Rac8 16. Rf5 Ne8 17. Bxe7 Qxe7 18. Rf3 g6 19. Raf1 Kg7 20. Qe2 f6 21. Rd1 Nc7 22. Qc4 Ne6 23. Ne2 Rfd8 24. Rfd3 Rxd3 25. Rxd3 Rc7 26. b3 Nd8 27. h3 Rd7 28. Nc1 Rxd3 29. Nxd3 Qd6 1/2-1/2

[Event "Quebec Alekhine op"]
[Site "Quebec"]
[Date "2009.10.07"]
[Round "5"]
[White "Caron, Sebastien"]
[Black "Chiffot, Nicolas"]
[Result "1-0"]
[WhiteElo "1996"]
[BlackElo "1992"]
[PlyCount "69"]
[EventDate "2009.09.09"]
[EventType "swiss"]
[EventRounds "5"]
[EventCountry "CAN"]
[SourceTitle "EXT 2011"]
[Source "ChessBase"]
[SourceDate "2010.11.26"]
[SourceVersion "1"]
[SourceVersionDate "2010.11.26"]
[SourceQuality "1"]

1. e4 c5 2. f4 d5 3. exd5 Qxd5 4. Nc3 Qd8 5. Nf3 Nf6 6. Bc4 e6 7. 0-0 Be7 8. Qe2 a6 9. a4 Nc6 10. d3 0-0 11. Kh1 Nd5 12. Ne4 Qc7 13. f5 exf5 14. Bxd5 fxe4 15. Qxe4 Nb4 16. Bb3 Nc6 17. Bg5 Bd6 18. Bh4 h6 19. Bg5 Nd4 20. Nxd4 cxd4 21. Bxh6 Qe7 22. Qg6 Be5 23. Bg5 Qd6 24. Bxf7+ Rxf7 25. Qxf7+ Kh7 26. Qh5+ Kg8 27. Rae1 Be6 28. Bd2 Bf6 29. Bf4 Qd7 30. Qe2 Bg4 31. Qe4 Rc8 32. Be5 Bxe5 33. Qxe5 Rxc2 34. h3 Qc6 35. Qe8+ 1-0